000 00280nam a22001337a 4500
020 _a978-0132493840
041 _aENG
100 _aSingh.V.P
245 _aElementary Hydrology
260 _aDelhi
_bAvi
_c1998
300 _a973
650 _aSWCE ( 06 )
856 _uSWCE ( 06 )
999 _c2948
_d2948